| 000 | 00967cam a2200277 a 4500 | ||
|---|---|---|---|
| 001 | 23315 | ||
| 003 | BD-RjUL | ||
| 005 | 20211209000921.0 | ||
| 008 | 140310r19361934enk b 001 0 lat d | ||
| 035 | _a(BD-RjUL)23380 | ||
| 040 |
_aDLC _beng _cDLC _dBD-RJUL |
||
| 041 | 1 |
_alat _aeng _hlat |
|
| 082 | 0 | 4 |
_a851.1 _bVAV 1936 |
| 100 | 1 |
_aValerius Flaccus, Gaius, _dactive 1st century. _971841 |
|
| 245 | 1 | 0 |
_aValerius Flaccus / _cwith an English translation by J.H. Mozley. |
| 250 | _aRev. ed. | ||
| 260 |
_aLondon ; _bHeinemann ; _aCambridge, Mass. : _bHarvard University Press, _c1934 [reprinted 1936]. |
||
| 300 |
_axxi, 458 p. ; _c17 cm. |
||
| 500 | _aFirst printed, 1934. Revised and reprinted, 1936 | ||
| 504 | _aIncludes bibliographical references (p. xxi) and index. | ||
| 650 | 0 |
_aArgonauts (Greek mythology) _971842 |
|
| 700 | 1 |
_aMozley, J. H. _q(John Henry) _971843 |
|
| 830 | 0 |
_aLoeb classical library. _971848 |
|
| 942 |
_2ddc _cBK |
||
| 999 |
_c23315 _d23315 |
||